My Singing Monsters Elements - AnakinSkywalker7 - Statistics

General Stats
  • This quiz has been taken 206 times
  • The average score is 17 of 29
Answer Stats
Monster Answer % Correct
Tweedle Air
97%
Noggin Earth
97%
Potbelly Plant
97%
Mammott Cold
95%
Kayna Fire
94%
Toe Jammer Water
94%
Clackula Bone
87%
Fluoress Light
79%
Theremind Psychic
79%
Floot Fly Faerie
70%
Reebro Mech
68%
Jeeode Crystal
67%
Ghazt Plasma
65%
Grumpyre Shadow
64%
Humbug Poison
63%
Shugabush Legendary
60%
G'Joob Mythical
53%
Wubbox Electricity
52%
Hoola Summer
48%
Torrt Celestial
42%
Yool Yay
42%
Schmoochle Love
41%
Punkleton Spooktacle
38%
Gobblygourd Feast-Ember
33%
Do Dipsters
31%
Jam Boree Anniversary Month
15%
Blabbit Eggy
11%
Carrilong Crescendo Moon
9%
Clavavera Beast Hereafter
1%
No matching quizzes found
Score Distribution
Percent of People with Each Score
Percentile by Number Answered
Your Score History
You have not taken this quiz